| 000 | 00605nam a22002057a 4500 | ||
|---|---|---|---|
| 003 | OSt | ||
| 005 | 20160303141433.0 | ||
| 008 | 151103b xxu||||| |||| 00| 0 eng d | ||
| 020 | _a9780071318198 | ||
| 040 | _cDDC; | ||
| 082 |
_a658.3; _b.CAS;2013 |
||
| 100 |
_aCascio,F Wayne; _95963 |
||
| 245 |
_aManaging Human Resources: _bProductivity, Quality Of work Life,Profits |
||
| 250 | _a9th ed. | ||
| 260 |
_aNew York; _bMcGraw-Hill, _c2013 |
||
| 300 |
_axxxii,736p; _bcol,ill; _c25.5cm |
||
| 504 | _aReferences,glossary & index included | ||
| 650 |
_aHuman Resouce Management _95964 |
||
| 942 |
_2ddc _cO_SHELF |
||
| 999 |
_c2400 _d2400 |
||